ACC Teams Quiz - Statistics

General Stats
  • This quiz has been taken 120 times
  • The average score is 22 of 28
Answer Stats
School % Correct
Duke
95%
North Carolina
95%
Virginia
94%
Florida State
89%
Miami
88%
Virginia Tech
88%
Blue Devils
85%
Clemson
85%
Boston College
82%
Tarheels
82%
Georgia Tech
80%
NC State
80%
Wake Forest
80%
Hurricanes
78%
Syracuse
77%
Tigers
77%
Cavaliers
75%
Seminoles
75%
Louisville
72%
Orange
71%
Eagles
69%
Hokies
68%
Pittsburgh
68%
Yellow Jackets
66%
Wolfpack
65%
Cardinals
63%
Demon Deacons
62%
Panthers
57%
No matching quizzes found
Score Distribution
Percent of People with Each Score
Percentile by Number Answered
Your Score History
You have not taken this quiz